II Ogólnopolska konferencja naukowa na temat Kompleksowe i szczegółowe problemy inżynierii środowiska : (Rekord nr 23421)
| 000 -ETYKIETA REKORDU | |
|---|---|
| podpole kontrolne o stałej długości | 01805nam a2200313 i 4500 |
| 001 - NUMER KONTROLNY REKORDU | |
| pole kontrolne | bg |
| 003 - IDENTYFIKATOR NUMERU KONTROLNEGO REKORDU | |
| podpole kontrolne | BPK |
| 005 - DATA OSTATNIEJ MODYFIKACJI REKORDU | |
| podpole kontrolne | 20200513112528.0 |
| 008 - POLE O STAŁEJ DŁUGOŚCI - DANE KONTROLNE | |
| podpole kontrolne o stałej długości | 981030s1987 pl a f |100 0 pol |
| 015 ## - NUMER BIBLIOGRAFII NARODOWEJ | |
| Numer bibliografii narodowej | PB 1987/5088 |
| 040 ## - ŹRÓDŁO KATALOGOWANIA | |
| Instytucja, która sporządziła opis | WA N |
| Instytucja, która utworzyła rekord | BPK |
| 041 0# - KOD JĘZYKA | |
| Kod języka tekstu | pol |
| Kod języka streszczenia lub abstraktu | ger |
| 080 ## - UNIWERSALNA KLASYFIKACJA DZIESIĘTNA - UKD | |
| UKD | 628.1/.8 |
| 080 ## - UNIWERSALNA KLASYFIKACJA DZIESIĘTNA - UKD | |
| UKD | (06) |
| 245 00 - TYTUŁ/ODPOWIEDZIALNOŚĆ | |
| Tytuł | II Ogólnopolska konferencja naukowa na temat Kompleksowe i szczegółowe problemy inżynierii środowiska : |
| Ciąg dalszy tytułu | zbiór referatów. |
| Oznaczenie części/sekcji dzieła | Z. 6 - monotematyczny, |
| Tytuł części/sekcji dzieła | Studium teoretyczno-badawcze dynamiki ziarna nad sitem przesiewacza wibracyjnego w procesie frakcjowania kruszyw budowlanych / |
| Pozostałe elementy strefy tytułu i oznaczenia odpowiedzialności | aut. Janusz Maciążek, Tadeusz Piecuch ; Instytut Inżynierii Sanitarnej. Politechnika Częstochowska ; [red. nacz. Tadeusz Piecuch]. |
| 246 15 - WARIANT TYTUŁU | |
| Tytuł | Polnische wissenschaftliche Konferenz zum Thema Komplex - und Detailprobleme der Umwelttechnik, 2. |
| 246 15 - WARIANT TYTUŁU | |
| Tytuł | Theoretisch-wissenchaftliches Studium der Korndynamik über die Vibrationsfläche im Prozess der Bauzuschlagsstoffsfraktionieren. |
| 260 ## - STREFA ADRESU WYDAWNICZEGO | |
| Miejsce wydania | Częstochowa ; |
| -- | Ustronie Morskie : |
| Nazwa wydawcy/dystrybutora | PC, |
| Data publikacji, dystrybucji/powstania dokumentu | 1987. |
| 300 ## - STREFA OPISU FIZYCZNEGO | |
| Objętość | [2], 164 s. : |
| Inne cechy fizyczne | 1 portr., wykr. ; |
| Rozmiary | 24 cm. |
| 500 ## - UWAGI OGÓLNE | |
| Tekst uwagi | Tyt. równol.: II Polnische wissenschaftliche Konferenz zum Thema Komplex - und-Detailprobleme der Umwelttechnik : Sammlung der Vorträge. Theoretisch-wissenschaftliches Studium der Korndynamik über die Vibrationsfläche im Prozess der Bauzuschlagsstoffsfraktionieren. |
| 504 ## - UWAGA DOTYCZĄCA BIBLIOGRAFII | |
| Informacje o bibliografii | Bibliogr. przy ref. |
| 546 ## - UWAGA O JĘZYKU | |
| Uwaga o języku | Spis treści także niem. |
| 650 #4 - HASŁO PRZEDMIOTOWE W FORMIE NAZWY OGÓLNEJ LUB JEDNOSTKOWEJ | |
| Nazwa ogólna lub geograficzna | Kruszywo |
| Określnik ogólny | technologia. |
| 650 #4 - HASŁO PRZEDMIOTOWE W FORMIE NAZWY OGÓLNEJ LUB JEDNOSTKOWEJ | |
| Nazwa ogólna lub geograficzna | Przesiewacze |
| Określnik ogólny | eksploatacja. |
| 700 1# - HASŁO DODATKOWE - NAZWA OSOBOWA | |
| Nazwa osobowa | Maciążek, Janusz. |
| 700 1# - HASŁO DODATKOWE - NAZWA OSOBOWA | |
| Nazwa osobowa | Piecuch, Tadeusz |
| Daty związane z nazwą | (1946-2018) |
| Określenie związku między hasłem a opisywanym materiałem | Autor |
| 856 ## - LOKALIZACJA I DOSTĘP DO ELEKTRONICZNYCH DOKUMENTÓW ZDALNYCH | |
| Link (URL) | http://koha.tu.koszalin.pl/cgi-bin/koha/opac-detail.pl?biblionumber=23421 |
| Tekst linku | Katalog online BPK |
| 942 ## - DODATKOWE ELEMENTY (KOHA) | |
| Schemat klasyfikacji | Uniwersalna Klasyfikacja Dziesiętna |
| Typ dokumentu | Książka |
| Wycofany | Status egzemplarza | Uszkodzony | Dostępność | Lokalizacja stała | Lokalizacja bieżąca | Miejsce przechowywania | Sygnatura | Kod kreskowy | Dział | Typ dokumentu |
|---|---|---|---|---|---|---|---|---|---|---|
| Tylko na miejscu | Biblioteka Politechniki Koszalińskiej | Biblioteka Politechniki Koszalińskiej | Czytelnia BG | 33518 | 01472424 | 628.1/.8 Inżynieria sanitarna | Książka |
